Amfreville - Choix Multiples - Statistiques

Statistiques générales
  • Ce quiz a été pris 6 fois
  • Le résultat moyen est 4 sur 10
Statistiques - réponses
Question Réponse % Correct
Combien y a-t-il eu de maires différents à Amfreville depuis 1945 ? 2
75%
Quelle grande ville portuaire est visible depuis un point de vue à Amfreville ? Ouistreham
75%
Laquelle de ces photos n'a pas été prise à Amfreville ?
50%
Quel nom était donné au quartier général des commandos utilisé entre juin et juillet 1944 ? La ferme des commandos
50%
Que se passe-t-il quand un bébé Amfrevillais naît ? Un arbre est planté
50%
Amfreville possède de nombreux homonymes, tous en Normandie. Lequel d'entre eux n'existe pas ? Amfreville-en-Caux
25%
Quelle expression latine est inscrite sur le fronton de l'église Saint-Martin ? "Hic domus dei"
25%
Quand a été inauguré le monument de la 1st Special Service Brigade ? Le 14 juillet 1944
25%
De quel château peut-on "visiter" les ruines au nord d'Amfreville ? Le Château de Venoix
0%
Quel pays ne possède pas de ville jumelée avec Amfreville ? L'Italie
0%
Aucun quiz correspondant
Distribution des résultats
% des personnes avec chaque résultat
Percentile par nombre de réponses
Votre historique - résultats
Vous n’avez pas pris ce quiz